Star Academy - Tous les parrains et marraines - Statistiques

Statistiques générales
  • Ce quiz a été pris 101 fois
  • Le résultat moyen est 7 sur 21
Statistiques - réponses
Hint Réponse % Correct
Saison 11 Vitaa
78%
Saison 13 Charlotte Cardin
77%
Saison 12 Clara Luciani
75%
Saison 13 Ed Sheeran
71%
Saison 4 Jenifer
48%
Saison 11 James Blunt
43%
Saison 1 Florent Pagny
42%
Saison 7 Céline Dion
35%
Saison 8 Rihanna
35%
Saison 3 Elton John
28%
Saison 4 Michel Sardou
28%
Saison 10 Robbie Williams
26%
Saison 5 Mariah Carey
25%
Saison 8 Christophe Maé
19%
Saison 2 Les élèves de la saison 1
17%
Saison 9 Matt Pokora
16%
Saison 6 Lionel Richie
13%
Saison 6 Yannick Noah
13%
Saison 9 will.i.am
10%
Saison 9 Enrique Iglesias
9%
Saison 7 Kylie Minogue
7%
Aucun quiz correspondant
Distribution des résultats
% des personnes avec chaque résultat
Percentile par nombre de réponses
Votre historique - résultats
Vous n’avez pas pris ce quiz